Conquista y destrucción de las Indias, 1492-1573

Guardat en:
Dades bibliogràfiques
Autor principal: Mira Caballos, Esteban (autor)
Format: Llibre
Idioma:espanyol
Publicat: Sevilla Muñoz Moya Editorres 2009
Edició:1a. ed
Col·lecció:Historia, Biblioteca Americana
Matèries:
Etiquetes: Afegir etiqueta
Sense etiquetes, Sigues el primer a etiquetar aquest registre!

MARC

LEADER 00000nam a2200000 a 4500
001 UCG6162
003 CL-VaPUC
008 110407e20090000SP |||||||||||||||||spa|d
020 |a 9788480101813 
082 0 4 |a 980.013  |b MIR  |2 21 
100 |a Mira Caballos, Esteban  |e autor  |9 556175 
245 1 0 |a Conquista y destrucción de las Indias, 1492-1573 
250 |a 1a. ed 
300 |a 404 p 
942 |c BK 
945 |d 20110407 00:00:00  |a jcampos 
260 |a Sevilla  |b Muñoz Moya Editorres  |c 2009 
650 0 |a Historia de América  |9 266076 
650 0 |a Conquista española  |9 267777 
651 0 |a América  |9 255182 
583 |a last modification  |c 20110407 00:00:00  |k Rodrigo Vera 
490 0 |a Historia, Biblioteca Americana 
999 |c 344438  |d 344436 
952 |0 0  |1 0  |4 0  |6 980_013000000000000_MIR_2009  |7 0  |8 A  |9 442408  |a BIBHIS  |b BIBHIS  |d 2019-11-22  |i 4764404  |o 980.013 MIR 2009  |p 4764404  |r 2025-01-20  |w 2019-11-22  |y BK  |k HIS